Practical exercises in parasitology (Record no. 16103)
[ view plain ]
| 000 -LEADER | |
|---|---|
| fixed length control field | 00605nam a22001817a 4500 |
| 008 - FIXED-LENGTH DATA ELEMENTS--GENERAL INFORMATION | |
| fixed length control field | 160926b xxu||||| |||| 00| 0 eng d |
| 020 ## - INTERNATIONAL STANDARD BOOK NUMBER | |
| International Standard Book Number | 0521022142 |
| 040 ## - CATALOGING SOURCE | |
| Original cataloging agency | KABU |
| Transcribing agency | KABU |
| 050 ## - LIBRARY OF CONGRESS CALL NUMBER | |
| Classification number | QL757 |
| Item number | .P73 2001 c. 1 |
| 245 ## - TITLE STATEMENT | |
| Title | Practical exercises in parasitology |
| Statement of responsibility, etc. | edited by David W. Halton, Jerzy M. Behnke |
| 260 ## - PUBLICATION, DISTRIBUTION, ETC. (IMPRINT) | |
| Place of publication, distribution, etc. | Cambridge |
| Name of publisher, distributor, etc. | Cambridge University Press |
| Date of publication, distribution, etc. | 2001 |
| 300 ## - PHYSICAL DESCRIPTION | |
| Extent | xviii, 461 p. |
| 650 ## - SUBJECT ADDED ENTRY--TOPICAL TERM | |
| Topical term or geographic name as entry element | Parasitology |
| Form subdivision | Laboratory manuals |
| 700 ## - ADDED ENTRY--PERSONAL NAME | |
| Personal name | Halton, David W. |
| 700 ## - ADDED ENTRY--PERSONAL NAME | |
| Personal name | Behnke, Jerzy M. |
| 700 ## - ADDED ENTRY--PERSONAL NAME | |
| Personal name | Marshall, Ian |
| 942 ## - ADDED ENTRY ELEMENTS (KOHA) | |
| Source of classification or shelving scheme | Library of Congress Classification |
| Koha item type | General Collection |
| Classification part | QL757 .P73 2001 c. 1 |
| Withdrawn status | Lost status | Source of classification or shelving scheme | Not for loan | Home library | Current library | Shelving location | Date acquired | Cost, normal purchase price | Total Checkouts | Full call number | Barcode | Date last seen | Copy number | Price effective from | Koha item type | Date last checked out |
|---|---|---|---|---|---|---|---|---|---|---|---|---|---|---|---|---|
| Library of Congress Classification | Kabarak, Main Campus | Kabarak, Main Campus | General Stacks | 26/09/2016 | 12.00 | QL757 .P73 2001 c. 6 | 026680 | 26/09/2016 | c. 6 | 26/09/2016 | General Collection | |||||
| Library of Congress Classification | Kabarak, Main Campus | Kabarak, Main Campus | General Stacks | 26/09/2016 | 12.00 | QL757 .P73 2001 c. 2 | 026681 | 26/09/2016 | c. 2 | 26/09/2016 | General Collection | |||||
| Library of Congress Classification | Kabarak, Main Campus | Kabarak, Main Campus | General Stacks | 26/09/2016 | 12.00 | 1 | QL757 .P73 2001 c. 3 | 026682 | 25/02/2020 | c. 3 | 26/09/2016 | General Collection | 10/02/2020 | |||
| Library of Congress Classification | Kabarak, Main Campus | Kabarak, Main Campus | General Stacks | 26/09/2016 | 12.00 | QL757 .P73 2001 c. 4 | 026678 | 26/09/2016 | c. 4 | 26/09/2016 | General Collection | |||||
| Library of Congress Classification | Kabarak, Main Campus | Kabarak, Main Campus | General Stacks | 26/09/2016 | 12.00 | 1 | QL757 .P73 2001 c. 5 | 026679 | 07/02/2020 | c. 5 | 26/09/2016 | General Collection | 05/02/2020 |